[Event "RN-2016-0-01195"]
[Site "LSS email"]
[Date "2016.10.06"]
[Round "?"]
[White "Hughes, Peter James"]
[Black "Mori, Roberto"]
[Result "1-0"]
[WhiteElo "656"]
[BlackElo "475"]
[PlyCount "21"]
[EventDate "2016.09.27"]
[EventType "tourn (corr)"]
[EventRounds "6"]
[EventCountry "GER"]
[SourceTitle "Corr 2022"]
[Source "ChessBase"]
[SourceDate "2021.10.24"]
[SourceVersion "1"]
[SourceVersionDate "2021.10.24"]
[SourceQuality "1"]

1. e4 e5 2. Nf3 Nc6 3. Bc4 h6 4. 0-0 Bc5 5. c3 Nf6 6. Re1 0-0 7. d4 exd4 8. cxd4 Bb4 9. Bd2 Bxd2 10. Nbxd2 Na5 11. e5 1-0

[Event "RN-2016-0-01195"]
[Site "LSS email"]
[Date "2016.10.05"]
[Round "?"]
[White "Mori, Roberto"]
[Black "Evtyugin, Yury Alekseevich"]
[Result "0-1"]
[WhiteElo "475"]
[BlackElo "882"]
[PlyCount "20"]
[EventDate "2016.09.27"]
[EventType "tourn (corr)"]
[EventRounds "6"]
[EventCountry "GER"]
[SourceTitle "Corr 2022"]
[Source "ChessBase"]
[SourceDate "2021.10.24"]
[SourceVersion "1"]
[SourceVersionDate "2021.10.24"]
[SourceQuality "1"]

1. e4 c5 2. Nf3 Nc6 3. d4 cxd4 4. Nxd4 Nf6 5. Nxc6 bxc6 6. Bd3 e5 7. Bg5 Be7 8. Bxf6 Bxf6 9. 0-0 0-0 10. Nc3 a5 0-1

[Event "RN-2016-0-01186"]
[Site "LSS email"]
[Date "2016.09.20"]
[Round "?"]
[White "Lenz, Juergen"]
[Black "Mori, Roberto"]
[Result "1-0"]
[WhiteElo "1152"]
[BlackElo "490"]
[PlyCount "23"]
[EventDate "2016.09.12"]
[EventType "tourn (corr)"]
[EventRounds "6"]
[EventCountry "GER"]
[SourceTitle "Corr 2022"]
[Source "ChessBase"]
[SourceDate "2021.10.24"]
[SourceVersion "1"]
[SourceVersionDate "2021.10.24"]
[SourceQuality "1"]

1. d4 d5 2. Nf3 Nf6 3. Bf4 Bf5 4. e3 e6 5. Bd3 Ne4 6. 0-0 Bd6 7. Bxd6 Qxd6 8. Nbd2 Bg4 9. Nxe4 dxe4 10. Bxe4 Nc6 11. c4 0-0 12. Qa4 1-0

[Event "RN-2016-0-01186"]
[Site "LSS email"]
[Date "2016.09.20"]
[Round "?"]
[White "Mori, Roberto"]
[Black "Kuttner, Jaromir"]
[Result "0-1"]
[WhiteElo "490"]
[BlackElo "811"]
[PlyCount "24"]
[EventDate "2016.09.12"]
[EventType "tourn (corr)"]
[EventRounds "6"]
[EventCountry "GER"]
[SourceTitle "Corr 2022"]
[Source "ChessBase"]
[SourceDate "2021.10.24"]
[SourceVersion "1"]
[SourceVersionDate "2021.10.24"]
[SourceQuality "1"]

1. e4 c5 2. Nf3 Nc6 3. d4 cxd4 4. Nxd4 Qc7 5. Nxc6 bxc6 6. Bc4 e6 7. 0-0 g6 8. Bg5 Bg7 9. Nc3 d5 10. exd5 exd5 11. Qe2+ Be6 12. Bd3 Ne7 0-1

[Event "ZN-2016-0-03404"]
[Site "LSS email"]
[Date "2016.08.24"]
[Round "?"]
[White "Garcia, Javier"]
[Black "Mori, Roberto"]
[Result "0-1"]
[WhiteElo "781"]
[BlackElo "505"]
[PlyCount "40"]
[EventDate "2016.08.12"]
[EventType "match (corr)"]
[EventRounds "2"]
[EventCountry "GER"]
[SourceTitle "Corr 2022"]
[Source "ChessBase"]
[SourceDate "2021.10.24"]
[SourceVersion "1"]
[SourceVersionDate "2021.10.24"]
[SourceQuality "1"]

1. d4 d5 2. c4 dxc4 3. Nc3 e6 4. Nf3 Nf6 5. Bg5 Bb4 6. e4 Be7 7. Bxc4 0-0 8. 0-0 h6 9. Bh4 Ng4 10. Bxe7 Qxe7 11. h3 Nf6 12. Re1 Nc6 13. d5 Rd8 14. e5 Nxd5 15. Nxd5 exd5 16. Bxd5 Nb4 17. Bxf7+ Kxf7 18. Qb3+ Be6 19. Qe3 Nc2 20. Qf4+ Kg8 0-1

[Event "RN-2016-0-01173"]
[Site "LSS email"]
[Date "2016.08.23"]
[Round "?"]
[White "Evtyugin, Yury Alekseevich"]
[Black "Mori, Roberto"]
[Result "1-0"]
[WhiteElo "833"]
[BlackElo "505"]
[PlyCount "63"]
[EventDate "2016.08.14"]
[EventType "tourn (corr)"]
[EventRounds "6"]
[EventCountry "GER"]
[SourceTitle "Corr 2022"]
[Source "ChessBase"]
[SourceDate "2021.10.24"]
[SourceVersion "1"]
[SourceVersionDate "2021.10.24"]
[SourceQuality "1"]

1. e4 e5 2. Nc3 Bb4 3. Nf3 Nc6 4. Nd5 Bd6 5. d4 exd4 6. Nxd4 Be5 7. Nf3 Nf6 8. Nxe5 Nxe5 9. Nxf6+ Qxf6 10. Be3 d6 11. Bd4 0-0 12. c3 c5 13. Bxe5 Qxe5 14. f3 Re8 15. Bc4 Be6 16. Bxe6 Rxe6 17. 0-0 h6 18. Qd2 c4 19. Rad1 Rd8 20. Qd4 Qb5 21. Rf2 Rde8 22. Qxa7 Rc8 23. Qa3 Qb6 24. Kf1 Rc5 25. Rd5 Ra5 26. Rxa5 Qe3 27. g3 Qc1+ 28. Kg2 Qe3 29. Qb4 d5 30. Rxd5 Qa7 31. Qxc4 Rc6 32. Rd8+ 1-0

[Event "RN-2016-0-01173"]
[Site "LSS email"]
[Date "2016.08.23"]
[Round "?"]
[White "Mori, Roberto"]
[Black "Venturas, Bob"]
[Result "0-1"]
[WhiteElo "505"]
[BlackElo "584"]
[PlyCount "72"]
[EventDate "2016.08.14"]
[EventType "tourn (corr)"]
[EventRounds "6"]
[EventCountry "GER"]
[SourceTitle "Corr 2022"]
[Source "ChessBase"]
[SourceDate "2021.10.24"]
[SourceVersion "1"]
[SourceVersionDate "2021.10.24"]
[SourceQuality "1"]

1. e4 e5 2. Nf3 Nc6 3. Bc4 h6 4. d3 a6 5. Bd5 Na7 6. Nxe5 c6 7. Nxf7 Qe7 8. Nxh8 cxd5 9. 0-0 Nf6 10. exd5 Qd6 11. Qe1+ Be7 12. Nc3 b5 13. Ng6 Bb7 14. Nxe7 Qxe7 15. Qxe7+ Kxe7 16. Re1+ Kf7 17. d6 Nc6 18. Bf4 Nd4 19. Rac1 Bc6 20. Be5 Ne6 21. Ne4 Nd5 22. c4 Nb4 23. cxb5 axb5 24. a3 Nxd3 25. Rxc6 Nxe1 26. Rc1 Nd3 27. Rc2 Nxe5 28. Re2 Nc4 29. h3 Ra6 30. f3 Nxd6 31. Nxd6+ Rxd6 32. Kh2 Nf4 33. Re5 Rd5 34. Re4 g5 35. g3 Rd2+ 36. Kh1 Nd3 0-1

[Event "ZN-2016-0-03366"]
[Site "LSS email"]
[Date "2016.06.29"]
[Round "?"]
[White "Venturas, Bob"]
[Black "Mori, Roberto"]
[Result "0-1"]
[WhiteElo "520"]
[BlackElo "525"]
[PlyCount "52"]
[EventDate "2016.06.19"]
[EventType "match (corr)"]
[EventRounds "2"]
[EventCountry "GER"]
[SourceTitle "Corr 2022"]
[Source "ChessBase"]
[SourceDate "2021.10.24"]
[SourceVersion "1"]
[SourceVersionDate "2021.10.24"]
[SourceQuality "1"]

1. e4 e5 2. Nf3 Nc6 3. a3 Nf6 4. Nc3 Bc5 5. Bc4 0-0 6. d3 h6 7. 0-0 d6 8. h3 a6 9. Be3 b5 10. Ba2 Bxe3 11. fxe3 Qe8 12. Bd5 Nxd5 13. Nxd5 Ra7 14. c4 bxc4 15. dxc4 Be6 16. b4 Ne7 17. a4 Bxd5 18. exd5 c6 19. e4 cxd5 20. cxd5 Ng6 21. Qe2 Qd7 22. Nd2 Rc7 23. Qxa6 Nf4 24. Kh2 Rc2 25. Nc4 Rxg2+ 26. Kh1 Qxh3# 0-1

[Event "OP-2016-0-04068"]
[Site "LSS email"]
[Date "2016.06.09"]
[Round "?"]
[White "Mori, Roberto"]
[Black "Buecker, Juergen"]
[Result "0-1"]
[WhiteElo "525"]
[BlackElo "2462"]
[PlyCount "40"]
[EventDate "2016.06.05"]
[EventType "tourn (corr)"]
[EventRounds "4"]
[EventCountry "GER"]
[SourceTitle "Corr 2022"]
[Source "ChessBase"]
[SourceDate "2021.10.24"]
[SourceVersion "1"]
[SourceVersionDate "2021.10.24"]
[SourceQuality "1"]

1. e4 e5 2. Nf3 Nc6 3. Bb5 a6 4. Bxc6 dxc6 5. Nc3 f6 6. 0-0 Bg4 7. d3 Bd6 8. h3 Bh5 9. g4 Bf7 10. Be3 Qd7 11. a3 h5 12. g5 Qxh3 13. Nh2 0-0-0 14. gxf6 Nxf6 15. Qf3 Qd7 16. Bg5 Be6 17. Kh1 Rdf8 18. Rg1 Ng4 19. Qg3 Nxf2+ 20. Kg2 Bh3+ 0-1

[Event "SN-2016-0-00768"]
[Site "LSS email"]
[Date "2016.06.09"]
[Round "?"]
[White "Mori, Roberto"]
[Black "Kuttner, Jaromir"]
[Result "0-1"]
[WhiteElo "542"]
[BlackElo "786"]
[PlyCount "68"]
[EventDate "2016.05.23"]
[EventType "tourn (corr)"]
[EventRounds "6"]
[EventCountry "GER"]
[SourceTitle "Corr 2022"]
[Source "ChessBase"]
[SourceDate "2021.10.24"]
[SourceVersion "1"]
[SourceVersionDate "2021.10.24"]
[SourceQuality "1"]

1. e4 c5 2. Bc4 e6 3. d3 d5 4. exd5 exd5 5. Bb5+ Nc6 6. Qe2+ Be6 7. Nf3 Qa5+ 8. Nc3 d4 9. Bxc6+ bxc6 10. Bd2 dxc3 11. Bxc3 Qc7 12. Ng5 Qd7 13. 0-0 Ne7 14. Nxe6 Qxe6 15. Qf3 Qf5 16. Qe2 Qe6 17. Qf3 0-0-0 18. Rfe1 Qd5 19. Re5 Qxf3 20. gxf3 Nd5 21. Rg5 f6 22. Rg3 Nxc3 23. bxc3 g5 24. c4 Bd6 25. Rg4 h5 26. Re4 Rde8 27. Rxe8+ Rxe8 28. h3 Re2 29. Rc1 Bf4 30. Rd1 Rxc2 31. a4 Ra2 32. Re1 Kd7 33. Rb1 Kc7 34. Re1 Be5 0-1

[Event "RN-2016-0-01129"]
[Site "LSS email"]
[Date "2016.04.26"]
[Round "?"]
[White "Mori, Roberto"]
[Black "Kuttner, Jaromir"]
[Result "0-1"]
[WhiteElo "504"]
[BlackElo "666"]
[PlyCount "26"]
[EventDate "2016.04.17"]
[EventType "tourn (corr)"]
[EventRounds "6"]
[EventCountry "GER"]
[SourceTitle "Corr 2022"]
[Source "ChessBase"]
[SourceDate "2021.10.24"]
[SourceVersion "1"]
[SourceVersionDate "2021.10.24"]
[SourceQuality "1"]

1. e4 c5 2. Bc4 e6 3. d3 d5 4. exd5 exd5 5. Qe2+ Be6 6. Bb5+ Nc6 7. Nf3 Qa5+ 8. Nc3 d4 9. Bxc6+ bxc6 10. Ng5 dxc3 11. Nxe6 cxb2+ 12. c3 Qxc3+ 13. Kf1 bxc1Q+ 0-1

[Event "SN-2016-0-00757"]
[Site "LSS email"]
[Date "2016.04.26"]
[Round "?"]
[White "Neumann, Frank"]
[Black "Mori, Roberto"]
[Result "1-0"]
[WhiteElo "465"]
[BlackElo "508"]
[PlyCount "95"]
[EventDate "2016.04.09"]
[EventType "tourn (corr)"]
[EventRounds "6"]
[EventCountry "GER"]
[SourceTitle "Corr 2022"]
[Source "ChessBase"]
[SourceDate "2021.10.24"]
[SourceVersion "1"]
[SourceVersionDate "2021.10.24"]
[SourceQuality "1"]

1. b4 e5 2. Bb2 Nc6 3. b5 Nd4 4. e3 Nf5 5. Bxe5 Bc5 6. e4 f6 7. Bb2 Nd6 8. Nf3 Ne7 9. c4 Nxe4 10. d4 Bb4+ 11. Nbd2 Nxd2 12. Nxd2 0-0 13. a3 Bxd2+ 14. Qxd2 b6 15. Be2 Bb7 16. d5 a6 17. a4 axb5 18. cxb5 Nxd5 19. 0-0 Re8 20. Bc4 c6 21. bxc6 dxc6 22. Rfd1 c5 23. Bxd5+ Bxd5 24. Qxd5+ Kh8 25. Qc6 Qb8 26. Rd6 b5 27. g3 bxa4 28. Bc3 Rc8 29. Qd5 Re8 30. Kg2 Rd8 31. Rxd8+ Qxd8 32. Qxd8+ Rxd8 33. Rxa4 h6 34. Rc4 Rc8 35. Ba5 h5 36. Bb6 Rc6 37. Bxc5 Re6 38. Be3 Kh7 39. Kh3 Kg6 40. Kh4 f5 41. Rc7 Re4+ 42. Kh3 Kf6 43. Rc6+ Re6 44. Rxe6+ Kxe6 45. Kh4 Kf6 46. Kxh5 Kf7 47. Bd4 g6+ 48. Kh6 1-0

[Event "OP-2016-0-04024"]
[Site "LSS email"]
[Date "2016.04.21"]
[Round "?"]
[White "Osipov, Anatoly Vladimirovi"]
[Black "Mori, Roberto"]
[Result "1-0"]
[WhiteElo "2278"]
[BlackElo "504"]
[PlyCount "31"]
[EventDate "2016.04.18"]
[EventType "tourn (corr)"]
[EventRounds "4"]
[EventCountry "GER"]
[SourceTitle "Corr 2022"]
[Source "ChessBase"]
[SourceDate "2021.10.24"]
[SourceVersion "1"]
[SourceVersionDate "2021.10.24"]
[SourceQuality "1"]

1. e4 e5 2. Nf3 Nc6 3. Bb5 Bd6 4. 0-0 Nf6 5. Re1 0-0 6. d4 exd4 7. e5 Bb4 8. c3 Bxc3 9. bxc3 Nd5 10. Bg5 f6 11. exf6 gxf6 12. Bh6 Re8 13. Bc4 Rxe1+ 14. Qxe1 Nce7 15. Ng5 fxg5 16. Qe5 1-0

[Event "RN-2016-0-01112"]
[Site "LSS email"]
[Date "2016.03.14"]
[Round "?"]
[White "Cherry, Brian"]
[Black "Mori, Roberto"]
[Result "0-1"]
[WhiteElo "429"]
[BlackElo "509"]
[PlyCount "100"]
[EventDate "2016.03.07"]
[EventType "tourn (corr)"]
[EventRounds "6"]
[EventCountry "GER"]
[SourceTitle "Corr 2022"]
[Source "ChessBase"]
[SourceDate "2021.10.24"]
[SourceVersion "1"]
[SourceVersionDate "2021.10.24"]
[SourceQuality "1"]

1. e4 e5 2. Nf3 Nc6 3. Bb5 Bd6 4. c3 Nf6 5. d4 exd4 6. Bxc6 bxc6 7. e5 Qe7 8. 0-0 Bxe5 9. Nxe5 Qxe5 10. Re1 Ne4 11. f3 0-0 12. Rxe4 Qf6 13. Rxd4 d5 14. Be3 Qg6 15. Qd2 Re8 16. Bf4 Bf5 17. Na3 Re7 18. Re1 Rd7 19. c4 Rb8 20. c5 Rc8 21. g4 Be6 22. Kf2 Qf6 23. g5 Qe7 24. Rg1 Rb8 25. b3 Re8 26. Re1 Qxc5 27. h4 Qxa3 28. Ra4 Qc5+ 29. Be3 Qd6 30. f4 Red8 31. Ra5 Ra8 32. Rxa7 Re8 33. Ra5 d4 34. Re5 dxe3+ 35. Qxe3 Qd2+ 36. Qxd2 Rxd2+ 37. Kf1 Rh2 38. f5 Rh1+ 39. Kf2 Rxe1 40. Rxe1 Bd7 41. Rd1 Bxf5 42. Rc1 Bd7 43. Rd1 Bg4 44. Rd2 g6 45. Rc2 Bd7 46. a4 Re4 47. Re2 Rxh4 48. Re7 Rd4 49. a5 Kf8 50. Re5 Bc8 0-1

[Event "ZN-2016-0-03301"]
[Site "LSS email"]
[Date "2016.03.14"]
[Round "?"]
[White "Mori, Roberto"]
[Black "Ortiz, Juan Guillermo"]
[Result "1-0"]
[WhiteElo "502"]
[BlackElo "435"]
[PlyCount "25"]
[EventDate "2016.03.09"]
[EventType "match (corr)"]
[EventRounds "2"]
[EventCountry "GER"]
[SourceTitle "Corr 2022"]
[Source "ChessBase"]
[SourceDate "2021.10.24"]
[SourceVersion "1"]
[SourceVersionDate "2021.10.24"]
[SourceQuality "1"]

1. e4 e5 2. Nf3 Nc6 3. Bb5 Bd6 4. d3 a6 5. Bc4 h6 6. 0-0 Nf6 7. Nh4 b5 8. Bb3 Nd4 9. Nf5 Nxf5 10. exf5 0-0 11. Qf3 c6 12. Qg3 Be7 13. Bxh6 1-0

[Event "SN-2016-0-00745"]
[Site "LSS email"]
[Date "2016.03.12"]
[Round "?"]
[White "Czaban, Tomasz"]
[Black "Mori, Roberto"]
[Result "0-1"]
[WhiteElo "1333"]
[BlackElo "500"]
[PlyCount "68"]
[EventDate "2016.02.27"]
[EventType "tourn (corr)"]
[EventRounds "6"]
[EventCountry "GER"]
[SourceTitle "Corr 2022"]
[Source "ChessBase"]
[SourceDate "2021.10.24"]
[SourceVersion "1"]
[SourceVersionDate "2021.10.24"]
[SourceQuality "1"]

1. d4 d5 2. e3 Nf6 3. c4 e6 4. cxd5 exd5 5. Nc3 Bb4 6. Bd2 0-0 7. Be2 Bf5 8. a3 Ba5 9. Nf3 Nc6 10. 0-0 Ne4 11. Nxe4 dxe4 12. Ne1 Bxd2 13. Qxd2 Qg5 14. f3 Nxd4 15. Qxd4 Rfd8 16. Qc3 c6 17. f4 Qg6 18. Nc2 Bh3 19. Rf2 Rd5 20. Nd4 Bf5 21. Qb4 Rd7 22. Nxf5 Qxf5 23. Rd1 a5 24. Rxd7 axb4 25. Rxb7 h6 26. Rxb4 c5 27. Rb5 Rc8 28. Rf1 Rd8 29. Rc1 Rd2 30. Rcxc5 Qd7 31. Bf1 Rd1 32. Rb8+ Kh7 33. Rcc8 Qd3 34. Rc3 Qxf1# 0-1

[Event "SN-2016-0-00745"]
[Site "LSS email"]
[Date "2016.03.12"]
[Round "?"]
[White "Mori, Roberto"]
[Black "Lombardi, Donato"]
[Result "0-1"]
[WhiteElo "500"]
[BlackElo "921"]
[PlyCount "84"]
[EventDate "2016.02.27"]
[EventType "tourn (corr)"]
[EventRounds "6"]
[EventCountry "GER"]
[SourceTitle "Corr 2022"]
[Source "ChessBase"]
[SourceDate "2021.10.24"]
[SourceVersion "1"]
[SourceVersionDate "2021.10.24"]
[SourceQuality "1"]

1. e4 e6 2. d4 d5 3. e5 c5 4. Bb5+ Nc6 5. Nf3 Bd7 6. Bxc6 bxc6 7. Bg5 Be7 8. Bxe7 Nxe7 9. dxc5 Qa5+ 10. Nc3 Qxc5 11. 0-0 Ng6 12. Re1 Qb6 13. Na4 Qc7 14. Nc5 0-0 15. h3 Bc8 16. Nd4 Nxe5 17. Qe2 Nc4 18. Ncxe6 Bxe6 19. Nxe6 fxe6 20. Qxe6+ Kh8 21. b3 Nd6 22. Rad1 Ne4 23. Rf1 Rae8 24. Qg4 Qf4 25. Rde1 Qxg4 26. hxg4 Nc3 27. a4 Re2 28. f3 Rfe8 29. Rc1 Rd2 30. Kh2 Ree2 31. Rce1 Rxg2+ 32. Kh3 g5 33. Rh1 d4 34. Re8+ Kg7 35. Re5 h6 36. Re7+ Kf6 37. Ree1 Rxc2 38. Rc1 Rcd2 39. Rcg1 Rxg1 40. Rxg1 Ne2 41. Re1 Nf4+ 42. Kg3 Rg2# 0-1

[Event "OP-2016-0-03970"]
[Site "LSS email"]
[Date "2016.02.25"]
[Round "?"]
[White "Gromov, Demid"]
[Black "Mori, Roberto"]
[Result "1-0"]
[WhiteElo "800"]
[BlackElo "500"]
[PlyCount "27"]
[EventDate "2016.02.21"]
[EventType "tourn (corr)"]
[EventRounds "4"]
[EventCountry "GER"]
[SourceTitle "Corr 2022"]
[Source "ChessBase"]
[SourceDate "2021.10.24"]
[SourceVersion "1"]
[SourceVersionDate "2021.10.24"]
[SourceQuality "1"]

1. e4 e5 2. Nf3 Nc6 3. Bb5 Bd6 4. 0-0 Nf6 5. d4 exd4 6. e5 Nxe5 7. Nxe5 Bxe5 8. Re1 Qe7 9. f4 c6 10. Rxe5 Qxe5 11. fxe5 cxb5 12. exf6 gxf6 13. Qe2+ Kd8 14. Qf3 1-0

[Event "SN-2016-0-00738"]
[Site "LSS email"]
[Date "2016.02.21"]
[Round "?"]
[White "Lenz, Juergen"]
[Black "Mori, Roberto"]
[Result "1-0"]
[WhiteElo "1115"]
[BlackElo "472"]
[PlyCount "91"]
[EventDate "2016.02.06"]
[EventType "tourn (corr)"]
[EventRounds "6"]
[EventCountry "GER"]
[SourceTitle "Corr 2022"]
[Source "ChessBase"]
[SourceDate "2021.10.24"]
[SourceVersion "1"]
[SourceVersionDate "2021.10.24"]
[SourceQuality "1"]

1. d4 d5 2. Bf4 Nc6 3. e3 Nf6 4. c4 Bf5 5. Nc3 e6 6. Bd3 Bb4 7. Nge2 0-0 8. Bxf5 exf5 9. Ng3 Qd7 10. 0-0 dxc4 11. Qe2 Bxc3 12. bxc3 Rfe8 13. Qxc4 h6 14. Qd3 a6 15. Nxf5 Ne4 16. Ng3 Nxg3 17. Bxg3 Re7 18. Rab1 Na5 19. c4 Nc6 20. Rxb7 Na5 21. Rbb1 Nc6 22. Qc2 Rae8 23. h3 Nb8 24. d5 c6 25. d6 Re6 26. c5 Qd8 27. Rb7 Nd7 28. Rc1 Nb8 29. Rcb1 Nd7 30. Rc7 Nf6 31. Rxc6 a5 32. Qa4 Ne4 33. Bh2 Nc3 34. Qc2 Ne4 35. Rcb6 Qc8 36. Rb8 Qd7 37. Rxe8+ Rxe8 38. f3 Nf6 39. e4 Qa7 40. Kh1 Nd7 41. c6 Nb6 42. Qc5 Nc8 43. d7 Qxc5 44. dxe8Q+ Qf8 45. Qxf8+ Kxf8 46. Rb8 1-0

[Event "ZN-2016-0-03281"]
[Site "LSS email"]
[Date "2016.02.21"]
[Round "?"]
[White "Lenz, Juergen"]
[Black "Mori, Roberto"]
[Result "1-0"]
[WhiteElo "1039"]
[BlackElo "504"]
[PlyCount "67"]
[EventDate "2016.02.17"]
[EventType "match (corr)"]
[EventRounds "2"]
[EventCountry "GER"]
[SourceTitle "Corr 2022"]
[Source "ChessBase"]
[SourceDate "2021.10.24"]
[SourceVersion "1"]
[SourceVersionDate "2021.10.24"]
[SourceQuality "1"]

1. d4 d5 2. Bf4 Bf5 3. e3 e6 4. c4 Bd6 5. Bxd6 Qxd6 6. Nc3 Ne7 7. Nf3 0-0 8. c5 Qd7 9. Qb3 b6 10. Ne5 Qd8 11. Be2 Nec6 12. f4 Nxe5 13. fxe5 bxc5 14. 0-0 Qg5 15. Nb5 c4 16. Qa3 Be4 17. Bf3 a5 18. Nxc7 Ra7 19. Bxe4 Rxc7 20. Bf3 c3 21. Rfe1 cxb2 22. Qxb2 f6 23. Qb6 Rfc8 24. Qxa5 Nc6 25. Qd2 fxe5 26. dxe5 Nxe5 27. Bxd5 Rc2 28. Bxe6+ Kh8 29. Qd5 Rd8 30. Qe4 h6 31. h4 Qg6 32. Bf5 Rc4 33. Bxg6 Rxe4 34. Bxe4 1-0

[Event "SN-2016-0-00738"]
[Site "LSS email"]
[Date "2016.02.21"]
[Round "?"]
[White "Strnad, Pavel"]
[Black "Mori, Roberto"]
[Result "1-0"]
[WhiteElo "591"]
[BlackElo "472"]
[PlyCount "75"]
[EventDate "2016.02.06"]
[EventType "tourn (corr)"]
[EventRounds "6"]
[EventCountry "GER"]
[SourceTitle "Corr 2022"]
[Source "ChessBase"]
[SourceDate "2021.10.24"]
[SourceVersion "1"]
[SourceVersionDate "2021.10.24"]
[SourceQuality "1"]

1. e4 e5 2. Nf3 Nc6 3. Bc4 Be7 4. d3 d6 5. h3 Nf6 6. Nc3 0-0 7. 0-0 a6 8. a4 h6 9. Be3 Nb4 10. Bb3 a5 11. Na2 Nxa2 12. Bxa2 b6 13. c3 Ba6 14. Rc1 d5 15. exd5 e4 16. Ne5 Nxd5 17. Nc4 Nxe3 18. Nxe3 Bxd3 19. Re1 Bc5 20. Qd2 Qc8 21. Ng4 Rd8 22. Qf4 Bd6 23. Qxf7+ Kh8 24. Re3 Rf8 25. Qg6 Bc5 26. Rg3 Qd7 27. Ne5 Qf5 28. Qxf5 Rxf5 29. Nxd3 exd3 30. Rxd3 Rxf2 31. Kh1 Rxb2 32. Bb1 Rf2 33. Rc2 Bd6 34. Rxf2 Bc5 35. Rf7 Re8 36. Rd1 Bd6 37. Rdf1 Bf8 38. Rxf8+ 1-0

[Event "ZN-2016-0-03269"]
[Site "LSS email"]
[Date "2016.02.09"]
[Round "?"]
[White "Mori, Roberto"]
[Black "Linart, Jakub"]
[Result "1-0"]
[WhiteElo "468"]
[BlackElo "465"]
[PlyCount "73"]
[EventDate "2016.02.03"]
[EventType "match (corr)"]
[EventRounds "2"]
[EventCountry "GER"]
[SourceTitle "Corr 2022"]
[Source "ChessBase"]
[SourceDate "2021.10.24"]
[SourceVersion "1"]
[SourceVersionDate "2021.10.24"]
[SourceQuality "1"]

1. e4 e5 2. Nf3 d6 3. Bc4 Be6 4. Na3 Nf6 5. d3 Nc6 6. Bb5 Qd7 7. 0-0 a6 8. Ba4 Be7 9. Be3 0-0 10. Bb3 b5 11. Bxe6 Qxe6 12. Ng5 Qd7 13. Qd2 d5 14. exd5 Nxd5 15. c4 Bb4 16. Qe2 h6 17. cxd5 Qxd5 18. Ne4 a5 19. Rfc1 Rfe8 20. Nc2 Be7 21. Qg4 a4 22. Bxh6 g6 23. h4 Qxd3 24. h5 Kh7 25. Bg5 Ra6 26. hxg6+ fxg6 27. Qh4+ Kg8 28. Nf6+ Bxf6 29. Bxf6 Nd8 30. Qh8+ Kf7 31. Qg7+ Ke6 32. Bxe5 Kd5 33. Rd1 Ke4 34. Rxd3 Kxd3 35. Nb4+ Ke4 36. Re1+ Kf5 37. Nxa6 1-0

[Event "RN-2016-0-01088"]
[Site "LSS email"]
[Date "2016.01.29"]
[Round "?"]
[White "Mori, Roberto"]
[Black "Komarov, Valerij"]
[Result "0-1"]
[WhiteElo "460"]
[BlackElo "851"]
[PlyCount "92"]
[EventDate "2016.01.18"]
[EventType "tourn (corr)"]
[EventRounds "6"]
[EventCountry "GER"]
[SourceTitle "Corr 2022"]
[Source "ChessBase"]
[SourceDate "2021.10.24"]
[SourceVersion "1"]
[SourceVersionDate "2021.10.24"]
[SourceQuality "1"]

1. e4 c6 2. Nf3 d5 3. e5 d4 4. Bc4 e6 5. 0-0 b5 6. Bb3 Bc5 7. d3 Nd7 8. Bg5 Ne7 9. Re1 0-0 10. Qd2 Qc7 11. c3 Nd5 12. cxd4 Bb4 13. Nc3 N7b6 14. a3 Ba5 15. Qc2 Re8 16. Bxd5 Nxd5 17. Bd2 Bb6 18. Nxd5 exd5 19. Bb4 a5 20. Bd2 Bg4 21. Bf4 Bxf3 22. gxf3 Bxd4 23. Qd2 Re6 24. Bg3 Bxe5 25. f4 Bd6 26. Rxe6 fxe6 27. Qe3 Re8 28. Re1 a4 29. d4 c5 30. dxc5 Qxc5 31. Qe2 d4 32. Qg4 Qd5 33. f5 e5 34. f6 Qf7 35. fxg7 Qxg7 36. Qf3 Qg6 37. Qd5+ Qe6 38. Qg2 Kf8 39. Qf3+ Kg7 40. Re4 Rg8 41. Rg4+ Kh8 42. Re4 Rg7 43. Kh1 Kg8 44. Bh4 Qf7 45. Qh3 Qc4 46. Qe6+ Qxe6 0-1